Diccionario de San Pablo
Αποθηκεύτηκε σε:
| Κύριος συγγραφέας: | |
|---|---|
| Μορφή: | Βιβλίο |
| Γλώσσα: | Ισπανικά |
| Έκδοση: |
Burgos
Monte Carmelo
1999
|
| Σειρά: | Diccionarios MC, 2
|
| Θέματα: | |
| Ετικέτες: |
Προσθήκη ετικέτας
Δεν υπάρχουν, Καταχωρήστε ετικέτα πρώτοι!
|
MARC
| LEADER | 00000nam a2200000 a 4500 | ||
|---|---|---|---|
| 001 | UCI8080 | ||
| 003 | CL-VaPUC | ||
| 008 | 080807e19990000SP |||||||||||||||||spa|d | ||
| 020 | |a 8472394743 | ||
| 082 | 0 | 4 | |a 225.3 |b FER |2 21 |
| 100 | 0 | |a Fernández Ramos, Felipe |e author |9 531560 | |
| 245 | 1 | 0 | |a Diccionario de San Pablo |
| 300 | |a 1235 p | ||
| 942 | |c BK | ||
| 945 | |d 20080807 00:00:00 |a rbrito | ||
| 260 | |a Burgos |b Monte Carmelo |c 1999 | ||
| 600 | 0 | |a Pablo de Tarso, Santo |9 321163 | |
| 650 | 0 | |a Biblia |9 257603 | |
| 650 | 0 | |a Nuevo testamento |9 257604 | |
| 650 | 0 | |a Teología paulina |9 345239 | |
| 650 | 0 | |a Diccionarios |9 256200 | |
| 583 | |a last modification |c 20080807 00:00:00 |k Rodrigo Vera | ||
| 490 | 0 | |a Diccionarios MC, 2 | |
| 999 | |c 331155 |d 331153 | ||
| 952 | |0 0 |1 0 |4 0 |6 225_300000000000000_FER_1999 |7 0 |8 X |9 417317 |a BIBTEO |b BIBTEO |d 2019-11-22 |i 4469208 |l 1 |o 225.3 FER 1999 |p 4469208 |r 2025-01-17 |s 2023-11-27 |w 2019-11-22 |y BK_X |k ICR | ||